Normal view MARC view
  • AUGUSTI,K T., FAIZAL,P.,AND OTHERS

Entry Personal Name

Number of records used in: 1

001 - CONTROL NUMBER

  • control field: 7720

003 - CONTROL NUMBER IDENTIFIER

  • control field: JRU

005 - DATE AND TIME OF LATEST TRANSACTION

  • control field: 20230403154722.0

008 - FIXED-LENGTH DATA ELEMENTS

  • fixed length control field: 230403|| aca||aabn | a|a d

040 ## - CATALOGING SOURCE

  • Original cataloging agency: JRU
  • Transcribing agency: JRU

100 ## - HEADING--PERSONAL NAME

  • Personal name: AUGUSTI,K T., FAIZAL,P.,AND OTHERS

670 ## - SOURCE DATA FOUND

  • Source citation: Work cat.: (JRU)8275: AUGUSTI,K T., FAIZAL,P.,AND OTHERS , ROLE OF DIETARY FIBERS AND NUTRACEUTICALS IN PREVENTING DISEASE